Central Library OPAC University of Rajshahi

তুলনামূলক প্রাণীবিজ্ঞান / (Record no. 52852)

MARC details
000 -LEADER
fixed length control field 00929nam a2200241 a 4500
001 - CONTROL NUMBER
control field 52852
003 - CONTROL NUMBER IDENTIFIER
rucl marc code BD-RjUL
005 - DATE AND TIME OF LATEST TRANSACTION
control field 20211209075853.0
008 - FIXED-LENGTH DATA ELEMENTS--GENERAL INFORMATION
fixed length control field 160928r2010 bg a|||| b||| 000 0 ben d
020 ## - INTERNATIONAL STANDARD BOOK NUMBER
International Standard Book Number 9840748459
Terms of availability : Tk. 330.00
035 ## - SYSTEM CONTROL NUMBER
System control number (BD-RjUL)52972
040 ## - CATALOGING SOURCE
Original cataloging agency BD-RjUL
Language of cataloging ben
Transcribing agency BD-RjUL
Modifying agency BD-RjUL
041 ## - LANGUAGE CODE
Language code of text/sound track or separate title ben
082 ## - DEWEY DECIMAL CLASSIFICATION NUMBER
Edition number 23
Classification number 590
Author mark and year SAT 2010
100 1# - MAIN ENTRY--PERSONAL NAME
Personal name সরকার, উত্তম কুমার
9 (RLIN) 147154
245 1# - TITLE STATEMENT
Title তুলনামূলক প্রাণীবিজ্ঞান /
Statement of responsibility, etc. উত্তম কুমার সরকার
260 ## - PUBLICATION, DISTRIBUTION, ETC. (IMPRINT)
Place of publication, distribution, etc. ঢাকা :
Name of publisher, distributor, etc. বাংলা একডেমী,
Date of publication, distribution, etc. ২০১০ [১৪১৭].
300 ## - PHYSICAL DESCRIPTION
Pagination [৬] ৩২৭ পৃ. :
Illustrations চিত্র. ;
Size ২৩ সেমি.
504 ## - BIBLIOGRAPHY, ETC. NOTE
Bibliography, etc গ্রন্থপঞ্জি সংযুক্ত
650 ## - SUBJECT ADDED ENTRY--TOPICAL TERM
Topical term or geographic name as entry element প্রাণীবিদ্যা
9 (RLIN) 158048
Topical term or geographic name as entry element Zoology
9 (RLIN) 158049
942 ## - ADDED ENTRY ELEMENTS (KOHA)
Source of classification or shelving scheme Dewey Decimal Classification
Koha item type Books
Holdings
Lost status Source of classification or shelving scheme Damaged status Not for loan Collection code Permanent Location Current Location Shelving location Date acquired Source of acquisition Cost, normal purchase price Total Checkouts Full call number Date last seen Copy number Koha item type
  Dewey Decimal Classification     Non-fiction Central Library, University of Rajshahi Central Library, University of Rajshahi   06/02/2012 Bangla Academy , Dhaka 330.00   B 590 SAT 2010 28/09/2016 C-2 Books
  Dewey Decimal Classification   Not For Loan Non-fiction Central Library, University of Rajshahi Central Library, University of Rajshahi Reading Room 09/12/2021 Bangla Academi, Dhaka 330.00   B 590 SAT 2010 24/04/2017 C-1 Books